000 00791nam0 2200229 ib4500
001 BY-HM0016-br7905
005 20200617123759.0
010 ^a5-87210-230-5
035 ^a(BY-HM0016)BY-HM0016-br7905
100 ^a20181008d2005 m y0rusy50 ca
101 0 ^arus
105 ^ay 000 y
200 1 ^aПесня моя - Россия
^bТекст
^fА.В. Мишин
210 ^aСмоленск
^cСмоленское обласное книжное издательство "Смядынь"
^d2005
215 ^a312 с.
^cил.
345 ^91000 экз.
690 ^a1
^2minda
^9BY-HM0016
^xRSEK
700 1 ^aМишин
^bА. В.
^gАлексей Викторович
801 0 ^aBY
^bBY-HM0016
^c20181008
801 2 ^aBY
^bBY-HM0016
^c20181008